00414 2200169 4500001002100000008004100021035002000062245003700082100001900119250000600138260004100144300001100185084001400196082000800210650001400218990001200232INLIS000000000001115 ind  a0010-0524000350 aKisah Wali SongocDrs. M. Ridwan aDrs. M. Ridwan a1 aSurabaya :bBintang Usaha Jayac2010 a96 hlm a900 RID k a900 aNon Fiksi a0744093